| 000 | 00733nam a2200241 a 4500 | ||
|---|---|---|---|
| 001 | 53073 | ||
| 003 | BD-RjUL | ||
| 005 | 20211209075914.0 | ||
| 008 | 161003s2006 enk||||| |||| 001 0 eng d | ||
| 020 | _a812031963X | ||
| 035 | _a(BD-RjUL)53193 | ||
| 040 |
_aBD-RjUL _beng _cBD-RjUL _dBD-RjUL |
||
| 041 | _aeng | ||
| 082 |
_223 _a530.11 _bBAS 2006 |
||
| 100 |
_aBanerji, Sriranjan _9158615 |
||
| 245 | 1 | 0 |
_aThe special theory of relativity / _cSriranjan Banerji; Asit Banerjee |
| 260 |
_aNew Delhi : _bPrentice-Hall of India, _cc2002 [printing 2006] |
||
| 300 |
_avii, 212 p. ; _c24 cm. |
||
| 500 | _aInclude index | ||
| 650 |
_aSpecial relativity (Physics) _9157015 |
||
| 700 |
_aBanerjee, Asit _9158616 |
||
| 942 |
_2ddc _cBK |
||
| 999 |
_c53073 _d53073 |
||